000
00318nam a2200121Ia 4500
008
180205s9999 xx 000 0 und d
020
_a
9781119293378
100
_a
Winter, Arthur
245
_a
Organic chemistry 1 for dummies /
250
_a
2nd ed
260
_a
New jersey :
_b
Canada
_c
2014
300
_a
vii, 364 pages
999
_c
354933
_d
354933